Catálogo público

Annual Review in Automatic Programming (Record no. 77736)

MARC details
000 -CABECERA
campo de control de longitud fija 00900cas a22002897a 4500
005 - FECHA Y HORA DE LA ÚLTIMA TRANSACCIÓN
campo de control 20220329142045.0
008 - DATOS DE LONGITUD FIJA--INFORMACIÓN GENERAL
campo de control de longitud fija 990504d uk fr pernn 0 uub1eng d
010 ## - NÚMERO DE CONTROL DE LA BIBLIOTECA DEL CONGRESO
Número de control de LC 77736
011 ## - ENLACE DEL NUMERO DE CONTROL DE LA BIBLIOTECA DEL CONGRESO [OBSOLETO]
Número de control de LC 78708
035 ## - NÚMERO DE CONTROL DEL SISTEMA
Número de control de sistema 88727
245 00 - MENCIÓN DE TÍTULO
Título Annual Review in Automatic Programming
260 0# - PUBLICACIÓN, DISTRIBUCIÓN, ETC.
Lugar de publicación, distribución, etc. Elmsford, N.Y.
Nombre del editor, distribuidor, etc. Pergamon Press,
Fecha de publicación, distribución, etc. 1965-
300 ## - DESCRIPCIÓN FÍSICA
Extensión v.
310 ## - PERIODICIDAD ACTUAL
Periodicidad actual Semestral
362 ## - FECHAS DE PUBLICACIÓN Y/O DESIGNACIÓN SECUENCIAL
Fecha de publicación y/o designación secuencial v.7 n.3, 1973
500 ## - NOTA GENERAL
Nota general Se dejó de recibir a partir del v.13, 1979.
590 ## - NOTA LOCAL (RLIN)
Nota local BATCH-UPD
Procedencia (VM) [OBSOLETO] 10
Condición del los carretes individuales (VM) [OBSOLETO] 20130110
-- UCH01
-- 0503
590 ## - NOTA LOCAL (RLIN)
Nota local BATCH-UPD
Procedencia (VM) [OBSOLETO] 10
Condición del los carretes individuales (VM) [OBSOLETO] 20130410
-- UCH01
-- 0141
590 ## - NOTA LOCAL (RLIN)
Nota local BATCH-UPD
Procedencia (VM) [OBSOLETO] 10
Condición del los carretes individuales (VM) [OBSOLETO] 20130914
-- UCH01
-- 1943
590 ## - NOTA LOCAL (RLIN)
Nota local CONVERSION
Procedencia (VM) [OBSOLETO] 10
Condición del los carretes individuales (VM) [OBSOLETO] 20130109
-- UCH01
-- 1343
650 14 - PUNTO DE ACCESO ADICIONAL DE MATERIA--TÉRMINO DE MATERIA
Término de materia o nombre geográfico como elemento de entrada Programación
Subdivisión general Publicaciones periódicas.
9 (RLIN) 92367
866 ## - MENCIÓN TEXTUAL DE FONDOS--UNIDAD BIBLIOGRÁFICA BÁSICA
Cadena textual v.13 (1979)
866 ## - MENCIÓN TEXTUAL DE FONDOS--UNIDAD BIBLIOGRÁFICA BÁSICA
Cadena textual v.5 n.1-2 (1969)
866 ## - MENCIÓN TEXTUAL DE FONDOS--UNIDAD BIBLIOGRÁFICA BÁSICA
Cadena textual v.7 n.2-3 (1973)
901 ## - ELEMENTOS DE DATOS A LOCAL LDA (RLIN)
a SE
905 ## - ELEMENTOS DE DATOS E LOCAL, LDE (RLIN)
a Ma. del Socorro Iturbe C.

No items available.